[Event "DVM U10 2016"]
[Site "Magdeburg GER"]
[Date "2016.12.29"]
[Round "6"]
[White "Wiechhusen, Laurin-Elias"]
[Black "Leyrer, Justus"]
[Result "0-1"]
[Termination "normal"]
[Board "23.4"]
[WhiteElo "600"]
[BlackElo "855"]
[WhiteTeam "SF Schwerin"]
[BlackTeam "SG Königskinder Hohentübingen"]
[PlyCount "70"]
[WhiteFideId "34643788"]
[EventCountry "GER"]
[EventRounds "7"]
[EventType "team-swiss"]
[EventDate "2016.12.27"]

1. e4 c5 2. Nf3 a6 3. Be2 e6 4. O-O Ne7 5. Nc3 Nbc6 6. d3 Ng6 7. Bg5 f6 8. Be3
Bd6 9. g3 O-O 10. Qd2 b5 11. d4 cxd4 12. Bxd4 Nxd4 13. Qxd4 Be5 14. Qd3 Bb7 15.
b4 Qc8 16. Nxe5 Nxe5 17. Qe3 Qc6 18. f3 Rac8 19. Nd1 Qxc2 20. f4 Ng6 21. Qd3
Qc6 22. Bf3 e5 23. f5 Rfe8 24. fxg6 hxg6 25. Ne3 f5 26. exf5 e4 27. Qb3+ d5 28.
Bxe4 Rxe4 29. Rfe1 Kh8 30. Kf2 d4 31. Nd1 Rxe1 32. Kxe1 Qh1+ 33. Kd2 Qxh2+ 34.
Ke1 Re8+ 35. Kf1 Qg2# 0-1

[Event "DVM U10 2016"]
[Site "Magdeburg GER"]
[Date "2016.12.29"]
[Round "6"]
[White "Gohel, Fabian Franz"]
[Black "Merdian, Nick"]
[Result "0-1"]
[Termination "normal"]
[Board "24.1"]
[WhiteElo "882"]
[BlackElo "1115"]
[WhiteTeam "SF Nordost Berlin 2"]
[BlackTeam "SC Postbauer-Heng"]
[PlyCount "90"]
[BlackFideId "16255275"]
[EventCountry "GER"]
[EventRounds "7"]
[EventType "team-swiss"]
[EventDate "2016.12.27"]

1. d4 e6 2. c4 Bb4+ 3. Bd2 Bxd2+ 4. Nxd2 Nc6 5. Ngf3 d5 6. e3 Nf6 7. Be2 O-O 8.
O-O b6 9. Qc2 Qd6 10. Rac1 h6 11. a3 Bb7 12. Rfe1 Rad8 13. Bd3 Rfe8 14. e4 dxe4
15. Nxe4 Nxe4 16. Bxe4 a5 17. c5 bxc5 18. Qxc5 Qxc5 19. Rxc5 Rd6 20. Rec1 Nxd4
21. Nxd4 Bxe4 22. Nb3 Red8 23. f3 Rd1+ 24. Rxd1 Rxd1+ 25. Kf2 Rb1 26. fxe4
Rxb2+ 27. Kg1 Rxb3 28. Rxa5 Kf8 29. Ra7 c5 30. a4 c4 31. Rc7 c3 32. a5 Ra3 33.
Rc5 Ke7 34. a6 Rxa6 35. Rxc3 Ra4 36. Re3 Kd6 37. Kf2 Ke5 38. Kf3 g5 39. g4 Ra1
40. Re2 Rf1+ 41. Ke3 Rf4 42. Kd3 Rxg4 43. Rc2 Rxe4 44. Rc5+ Kf4 45. h4 gxh4 0-1

[Event "DVM U10 2016"]
[Site "Magdeburg GER"]
[Date "2016.12.29"]
[Round "6"]
[White "Landsgesell, Simon"]
[Black "Möbis, Lucas"]
[Result "0-1"]
[Termination "normal"]
[Board "24.2"]
[WhiteElo "888"]
[BlackElo "600"]
[WhiteTeam "SC Postbauer-Heng"]
[BlackTeam "SF Nordost Berlin 2"]
[PlyCount "136"]
[BlackFideId "16255046"]
[EventCountry "GER"]
[EventRounds "7"]
[EventType "team-swiss"]
[EventDate "2016.12.27"]

1. e4 e5 2. Nf3 Nc6 3. Nc3 Nf6 4. Bb5 d6 5. O-O Be7 6. d3 Bd7 7. Bxc6 Bxc6 8.
Bg5 O-O 9. h3 h6 10. Bxf6 Bxf6 11. a3 Qc8 12. Qc1 Bd7 13. Rd1 Bxh3 14. gxh3
Qxh3 15. Ne2 Qxf3 16. Qe3 Qg4+ 17. Qg3 Qxg3+ 18. Nxg3 Bh4 19. Nf5 Bg5 20. b4 g6
21. Ng3 Bh4 22. Rf1 Rad8 23. Kh2 Bxg3+ 24. fxg3 d5 25. c4 dxe4 26. dxe4 Rd4 27.
Rad1 Rxe4 28. Rd7 Rxc4 29. Kh3 Rc3 30. Kh4 f5 31. Re1 Rc4+ 32. Kh3 e4 33. g4
fxg4+ 34. Kxg4 e3+ 35. Kg3 Rf2 36. Rxe3 Rf7 37. Rxf7 Kxf7 38. Rf3+ Kg7 39. Rf1
Rc3+ 40. Kf4 Rxa3 41. Ke5 Rb3 42. Ke6 h5 43. Rg1 Rxb4 44. Rf1 Rb6+ 45. Ke7 a5
46. Rf7+ Kh6 47. Kd7 Kg5 48. Kxc7 Rf6 49. Rd7 b5 50. Rd5+ Rf5 51. Rd3 b4 52.
Rb3 Rc5+ 53. Kb6 Rc3 54. Rb1 Kh4 55. Kxa5 Rf3 56. Kxb4 Kg3 57. Kc4 h4 58. Rg1+
Kf2 59. Rxg6 h3 60. Rh6 Rg3 61. Kd4 Kg2 62. Ke4 h2 63. Kf4 Rg7 64. Ra6 h1=Q 65.
Ra2+ Kh3 66. Ra3+ Kh4 67. Ra5 Qf1+ 68. Ke5 Rg5+ 0-1

[Event "DVM U10 2016"]
[Site "Magdeburg GER"]
[Date "2016.12.29"]
[Round "6"]
[White "Geiser, Lennard"]
[Black "Mikulasch, Nicole"]
[Result "0-1"]
[Termination "normal"]
[Board "24.3"]
[WhiteElo "600"]
[BlackElo "880"]
[WhiteTeam "SF Nordost Berlin 2"]
[BlackTeam "SC Postbauer-Heng"]
[PlyCount "48"]
[EventCountry "GER"]
[EventRounds "7"]
[EventType "team-swiss"]
[EventDate "2016.12.27"]

1. e4 d5 2. d3 dxe4 3. dxe4 Qxd1+ 4. Kxd1 Bg4+ 5. f3 Bd7 6. Bf4 Na6 7. Nc3 e6
8. Bb5 Bxb5 9. Nxb5 O-O-O+ 10. Bd2 Nb4 11. Nxa7+ Kb8 12. Nb5 Nf6 13. Ne2 Bc5
14. a3 Nc6 15. Ned4 Nxd4 16. Bg5 Nxb5+ 17. Ke1 h6 18. Bxf6 gxf6 19. b4 Be3 20.
Ke2 Bd4 21. Kd3 Bxa1+ 22. Kc4 Nxa3+ 23. Kb3 Nb5 24. Ka2 Bd4 0-1

[Event "DVM U10 2016"]
[Site "Magdeburg GER"]
[Date "2016.12.29"]
[Round "6"]
[White "Tietz, Daniel"]
[Black "Dörr, Georg"]
[Result "0-1"]
[Termination "normal"]
[Board "24.4"]
[WhiteElo "742"]
[BlackElo "600"]
[WhiteTeam "SC Postbauer-Heng"]
[BlackTeam "SF Nordost Berlin 2"]
[PlyCount "118"]
[EventCountry "GER"]
[EventRounds "7"]
[EventType "team-swiss"]
[EventDate "2016.12.27"]

1. c4 e5 2. Nc3 Nf6 3. e4 Bb4 4. Nf3 Nc6 5. a3 Bc5 6. d3 d6 7. Bg5 Bg4 8. h3
Be6 9. Nd5 h6 10. d4 Bb6 11. Bxf6 gxf6 12. Qb3 Na5 13. Qb4 Nc6 14. Qb5 Bd7 15.
c5 Nxd4 16. Nxd4 Bxb5 17. Nxb5 Rc8 18. cxb6 axb6 19. Na7 Ra8 20. Nb5 Kd7 21.
Ndxc7 Rc8 22. Nd5 Rc5 23. Ndc3 Rg8 24. g4 Rg5 25. Na4 Rc8 26. f3 h5 27. h4 Rg7
28. gxh5 Rh7 29. Nbc3 Rxh5 30. O-O-O Rc6 31. Bb5 Qc8 32. Bxc6+ Qxc6 33. Kb1 f5
34. exf5 Qxf3 35. Rc1 Rxf5 36. Nxb6+ Ke6 37. Rhf1 Qxf1 38. Rxf1 Rxf1+ 39. Ka2
Rh1 40. b4 Rxh4 41. b5 Rh2+ 42. Kb3 f5 43. Kb4 f4 44. Ne4 f3 45. a4 f2 46. Nd2
Rh1 47. a5 f1=Q 48. Nxf1 Rxf1 49. a6 bxa6 50. bxa6 Ra1 51. Kb5 Rb1+ 52. Kc6 Ra1
53. Kb7 Rxa6 54. Kxa6 d5 55. Kb5 d4 56. Kc6 d3 57. Nc4 e4 58. Ne3 Ke5 59. Kc5
Kf4 0-1

[Event "DVM U10 2016"]
[Site "Magdeburg GER"]
[Date "2016.12.29"]
[Round "6"]
[White "Tran Minh, Hieu"]
[Black "Sommer, Justus"]
[Result "1/2-1/2"]
[Termination "normal"]
[Board "25.1"]
[WhiteElo "1170"]
[BlackElo "862"]
[WhiteTeam "SF Hettstedt"]
[BlackTeam "Lübecker SV 2"]
[PlyCount "49"]
[WhiteFideId "16244877"]
[BlackFideId "16245008"]
[EventCountry "GER"]
[EventRounds "7"]
[EventType "team-swiss"]
[EventDate "2016.12.27"]

1. e4 e5 2. Bc4 Nf6 3. d3 Nc6 4. Nf3 d6 5. h3 Be7 6. c3 O-O 7. O-O b6 8. Be3
Bb7 9. Nbd2 Qd7 10. Nb3 Rad8 11. Qe2 d5 12. exd5 Nxd5 13. Rad1 Rfe8 14. Rfe1
Nxe3 15. fxe3 Bf6 16. Rf1 a6 17. a4 Na7 18. Nc1 Qxa4 19. Bb3 Qd7 20. Rd2 Bxf3
21. Qxf3 e4 22. Qe2 Nc6 23. c4 Nb4 24. d4 c5 25. Rfd1 1/2-1/2

[Event "DVM U10 2016"]
[Site "Magdeburg GER"]
[Date "2016.12.29"]
[Round "6"]
[White "Schmitz, Niklas"]
[Black "Seidel, Hans"]
[Result "0-1"]
[Termination "normal"]
[Board "25.2"]
[WhiteElo "775"]
[BlackElo "871"]
[WhiteTeam "Lübecker SV 2"]
[BlackTeam "SF Hettstedt"]
[PlyCount "58"]
[EventCountry "GER"]
[EventRounds "7"]
[EventType "team-swiss"]
[EventDate "2016.12.27"]

1. e4 e5 2. Nf3 Nc6 3. Nc3 Nf6 4. Bc4 Bb4 5. O-O d6 6. Bb5 Bg4 7. d3 O-O 8. Bg5
h6 9. Bxf6 Qxf6 10. Nd5 Qd8 11. c3 Bc5 12. d4 a6 13. Be2 Bb6 14. Nd2 Bxe2 15.
Qxe2 Ne7 16. Nxb6 cxb6 17. Qc4 Rc8 18. Qb3 exd4 19. cxd4 Nc6 20. Qd1 Nxd4 21.
Rc1 Rxc1 22. Qxc1 Ne2+ 23. Kh1 Nxc1 24. Rxc1 d5 25. exd5 Qxd5 26. Rd1 Qxa2 27.
Nb1 Qb3 28. Nd2 Qxd1+ 29. Nf1 Qxf1# 0-1

[Event "DVM U10 2016"]
[Site "Magdeburg GER"]
[Date "2016.12.29"]
[Round "6"]
[White "Born, Constantin"]
[Black "Gossing, Maxi-Sophia"]
[Result "0-1"]
[Termination "normal"]
[Board "25.3"]
[WhiteElo "773"]
[BlackElo "790"]
[WhiteTeam "SF Hettstedt"]
[BlackTeam "Lübecker SV 2"]
[PlyCount "58"]
[WhiteFideId "16269438"]
[EventCountry "GER"]
[EventRounds "7"]
[EventType "team-swiss"]
[EventDate "2016.12.27"]

1. e4 e5 2. Nf3 Nc6 3. Nc3 Bc5 4. Bc4 Nf6 5. O-O d6 6. d3 Bg4 7. Bg5 O-O 8.
Bxf6 Qxf6 9. Nd5 Qd8 10. Bb5 Nd4 11. c3 Bxf3 12. gxf3 Nxb5 13. c4 c6 14. cxb5
cxd5 15. exd5 Qg5+ 16. Kh1 Qf4 17. Rg1 Qd4 18. Qf1 Qxd5 19. Qg2 g6 20. b3 Qxd3
21. Rgd1 Qc2 22. Rf1 Rac8 23. Kg1 Rc7 24. Qg3 Rfc8 25. Kg2 Bd4 26. f4 Bxa1 27.
Rxa1 Qf5 28. fxe5 dxe5 29. Rf1 Rc3 0-1

[Event "DVM U10 2016"]
[Site "Magdeburg GER"]
[Date "2016.12.29"]
[Round "6"]
[White "Frenkel, Nico"]
[Black "Heutling, Sarah"]
[Result "1-0"]
[Termination "normal"]
[Board "26.2"]
[WhiteElo "1028"]
[BlackElo "600"]
[WhiteTeam "ESV Lok Falkenberg"]
[BlackTeam "Schachzwerge Magdeburg 2"]
[PlyCount "75"]
[WhiteFideId "16226950"]
[BlackFideId "16287304"]
[EventCountry "GER"]
[EventRounds "7"]
[EventType "team-swiss"]
[EventDate "2016.12.27"]

1. e4 e5 2. Nf3 Nc6 3. Bc4 Nf6 4. Nc3 Bc5 5. d3 d6 6. h3 O-O 7. Bg5 h6 8. Bh4
Re8 9. Nd5 Nd7 10. Bxd8 Rxd8 11. O-O Re8 12. Nxc7 Rd8 13. Nxa8 Nf6 14. Nc7 Rd7
15. Nd5 Ne8 16. Nh4 Rd8 17. Qf3 Rd7 18. c3 b6 19. b4 b5 20. Bb3 Bb6 21. a4 bxa4
22. Bxa4 Bb7 23. Ra2 Nc7 24. Nxb6 axb6 25. Bxc6 Bxc6 26. Ra7 b5 27. d4 exd4 28.
cxd4 Re7 29. Rfa1 d5 30. exd5 Bxd5 31. Qf4 Rd7 32. Rxc7 Rxc7 33. Qxc7 Kh7 34.
Ra7 h5 35. Qd7 Bc4 36. d5 Bd3 37. Qxf7 Be4 38. Qxg7# 1-0

[Event "DVM U10 2016"]
[Site "Magdeburg GER"]
[Date "2016.12.29"]
[Round "6"]
[White "Schlange, Tamara"]
[Black "Thoß, Lea-Michelle"]
[Result "0-1"]
[Termination "normal"]
[Board "26.3"]
[WhiteElo "600"]
[BlackElo "818"]
[WhiteTeam "Schachzwerge Magdeburg 2"]
[BlackTeam "ESV Lok Falkenberg"]
[PlyCount "94"]
[WhiteFideId "34600817"]
[EventCountry "GER"]
[EventRounds "7"]
[EventType "team-swiss"]
[EventDate "2016.12.27"]

1. e4 Nc6 2. Nf3 Nf6 3. Nc3 e5 4. Bc4 h6 5. O-O Bc5 6. h3 d6 7. a3 Nd4 8. b4
Bb6 9. a4 a6 10. a5 Ba7 11. d3 Be6 12. Be3 Bxc4 13. dxc4 Nxf3+ 14. Qxf3 Bxe3
15. Qxe3 O-O 16. Qg3 c5 17. b5 axb5 18. Nxb5 Rxa5 19. Rab1 Ra4 20. Na3 Nxe4 21.
Qe3 Nf6 22. Qb3 Rb4 23. Qe3 Rxb1 24. Nxb1 d5 25. Qc3 dxc4 26. Qxc4 Qd4 27. Qe2
Qe4 28. Qd2 Qg6 29. Nc3 b6 30. Qe2 Nh5 31. Rd1 Nf4 32. Qf3 Qxc2 33. Qe3 Qg6 34.
Qf3 Rb8 35. Re1 Re8 36. Nd5 Nxd5 37. Qxd5 b5 38. Qxc5 Qd3 39. Ra1 Qd4 40. Qc1
b4 41. Kh2 Qxf2 42. Qd1 e4 43. Qa4 Rf8 44. Qxb4 e3 45. Re1 Rd8 46. Qc3 Rd2 47.
Rxe3 Qxg2# 0-1

[Event "DVM U10 2016"]
[Site "Magdeburg GER"]
[Date "2016.12.29"]
[Round "6"]
[White "Do Minh, Philip"]
[Black "Dornheim, Anna Elisabeth"]
[Result "1-0"]
[Termination "normal"]
[Board "26.4"]
[WhiteElo "600"]
[BlackElo "600"]
[WhiteTeam "ESV Lok Falkenberg"]
[BlackTeam "Schachzwerge Magdeburg 2"]
[PlyCount "37"]
[BlackFideId "34644296"]
[EventCountry "GER"]
[EventRounds "7"]
[EventType "team-swiss"]
[EventDate "2016.12.27"]

1. e4 e5 2. Nf3 Nc6 3. Bc4 d6 4. h3 Be7 5. Nc3 Nf6 6. d3 O-O 7. O-O Nb4 8. a3
Nc6 9. Nd5 Ne8 10. Nxe7+ Qxe7 11. Ng5 Nf6 12. Nf3 Be6 13. Bxe6 Qxe6 14. Bg5 Nd7
15. Bd2 Nd4 16. Nh4 Qf6 17. Be3 Qxh4 18. Bxd4 exd4 19. b3 {Rest nicht
nachvollziehbar (es folgt dxe3 fxe3)} 1-0

[Event "DVM U10 2016"]
[Site "Magdeburg GER"]
[Date "2016.12.29"]
[Round "6"]
[White "Gossing, Marie-Sophie"]
[Black "Spehr, Neil"]
[Result "1/2-1/2"]
[Termination "normal"]
[Board "27.1"]
[WhiteElo "985"]
[BlackElo "948"]
[WhiteTeam "Lübecker SV 1"]
[BlackTeam "Schachakademie Paderborn 2"]
[PlyCount "69"]
[WhiteFideId "16217284"]
[EventCountry "GER"]
[EventRounds "7"]
[EventType "team-swiss"]
[EventDate "2016.12.27"]

1. e4 e6 2. d4 d5 3. exd5 exd5 4. Bd3 Bd6 5. Nf3 Ne7 6. O-O Nbc6 7. Bg5 f6 8.
Bh4 Bg4 9. c3 Qd7 10. Bg3 Bxg3 11. fxg3 g5 12. Bb5 h5 13. Qd3 h4 14. Re1 O-O-O
15. h3 Bxh3 16. gxh3 Qxh3 17. Kf2 hxg3+ 18. Ke2 g2 19. Ng1 Qxd3+ 20. Kxd3 f5
21. Nd2 g4 22. Re2 Rh2 23. Rae1 Ng6 24. Rf2 f4 25. Kc2 Rf8 26. Bxc6 bxc6 27.
Re6 g3 28. Rfe2 f3 29. Ngxf3 Nf4 30. Re8+ Rxe8 31. Rxe8+ Kd7 32. Rg8 Nh5 33.
Ra8 Kd6 34. b4 Rh1 35. a4 1/2-1/2

[Event "DVM U10 2016"]
[Site "Magdeburg GER"]
[Date "2016.12.29"]
[Round "6"]
[White "Schäfer, Anton"]
[Black "Poetzsch-Heffter, Frieder"]
[Result "1-0"]
[Termination "normal"]
[Board "27.2"]
[WhiteElo "901"]
[BlackElo "785"]
[WhiteTeam "Schachakademie Paderborn 2"]
[BlackTeam "Lübecker SV 1"]
[PlyCount "57"]
[BlackFideId "34608842"]
[EventCountry "GER"]
[EventRounds "7"]
[EventType "team-swiss"]
[EventDate "2016.12.27"]

1. d4 d5 2. Nf3 Nc6 3. Bf4 Nf6 4. Nc3 Bf5 5. a3 e6 6. Nb5 Bd6 7. Bg3 O-O 8. e3
a6 9. Nxd6 cxd6 10. Bd3 Bg4 11. h3 Bh5 12. Bh4 e5 13. g4 e4 14. gxh5 exd3 15.
Qxd3 Qe7 16. O-O-O Na5 17. Ng5 Nc4 18. Nxh7 Rfe8 19. Nxf6+ Kf8 20. Nh7+ Kg8 21.
Bxe7 Rxe7 22. Rdg1 Re6 23. f4 Rh6 24. Ng5 f6 25. Ne6 Re8 26. Nxg7 Re7 27. Nf5+
Kh7 28. Nxe7+ Kh8 29. Rg8# 1-0

[Event "DVM U10 2016"]
[Site "Magdeburg GER"]
[Date "2016.12.29"]
[Round "6"]
[White "Widderich, Jan Ole"]
[Black "Stammen, York Magnus"]
[Result "0-1"]
[Termination "normal"]
[Board "27.3"]
[WhiteElo "600"]
[BlackElo "864"]
[WhiteTeam "Lübecker SV 1"]
[BlackTeam "Schachakademie Paderborn 2"]
[PlyCount "107"]
[BlackFideId "16295471"]
[EventCountry "GER"]
[EventRounds "7"]
[EventType "team-swiss"]
[EventDate "2016.12.27"]

1. e4 e6 2. Nf3 d5 3. exd5 exd5 4. Qe2+ Qe7 5. Nc3 Qxe2+ 6. Bxe2 Nf6 7. d4 Bb4
8. Bd2 Bf5 9. Rc1 Nc6 10. O-O h6 11. Rfe1 O-O 12. a3 Be7 13. Bb5 Bd6 14. Ne5
Bxe5 15. Bxc6 Bxh2+ 16. Kxh2 bxc6 17. Kg1 Ne4 18. Nxe4 Bxe4 19. Re3 Rfe8 20.
Rg3 Bg6 21. b3 Rab8 22. Bb4 Re4 23. Rd3 Re2 24. Rc3 Rb6 25. Ba5 Ra6 26. Bxc7
Rxa3 27. Rxc6 Re6 28. Rd6 Rxd6 29. Bxd6 Ra6 30. Bc5 f6 31. c4 Bf7 32. Be7 Rb6
33. Bc5 Rxb3 34. Bxa7 dxc4 35. Rxc4 Bxc4 36. Kh2 Rd3 37. f4 Be6 38. g3 Kf7 39.
Bc5 Bd5 40. f5 g5 41. Kh3 h5 42. Kh2 g4 43. Kg1 Rd2 44. Kf1 Kg7 45. Kg1 Kh6 46.
Ba3 Rxd4 47. Kf2 Kg5 48. Kg1 Kxf5 49. Kh2 Kg5 50. Kg1 h4 51. Kh2 hxg3+ 52. Kxg3
f5 53. Bb2 Rd3+ 54. Kf2 0-1

[Event "DVM U10 2016"]
[Site "Magdeburg GER"]
[Date "2016.12.29"]
[Round "6"]
[White "Schilay, Vinzenz"]
[Black "Przibylla, Thomas"]
[Result "0-1"]
[Termination "normal"]
[Board "28.1"]
[WhiteElo "918"]
[BlackElo "998"]
[WhiteTeam "SK Neumarkt"]
[BlackTeam "Langenfelder Schachfreunde"]
[PlyCount "82"]
[WhiteFideId "12983209"]
[EventCountry "GER"]
[EventRounds "7"]
[EventType "team-swiss"]
[EventDate "2016.12.27"]

1. e4 e5 2. Nf3 d6 3. Be2 Nc6 4. Nc3 Bg4 5. d3 Bxf3 6. Bxf3 Nd4 7. Be3 c6 8.
Bg4 Nf6 9. Bh3 d5 10. f3 Bb4 11. Qd2 Nb5 12. Nxb5 Bxd2+ 13. Bxd2 cxb5 14. O-O
Nh5 15. Bg4 Nf6 16. Rae1 Rc8 17. Bxc8 Qxc8 18. c3 Qc5+ 19. Be3 Qc7 20. Bxa7 b6
21. h3 Qxa7 22. exd5 Nxd5 23. Rxe5+ Ne7 24. Rfe1 Qxa2 25. Rxe7+ Kd8 26. Rxf7
Qxf7 27. Re4 Re8 28. Rd4+ Kc8 29. Re4 Rxe4 30. dxe4 Qa2 31. b4 Qb3 32. Kh2 Qxc3
33. Kh1 Qxb4 34. Kh2 Qd6+ 35. Kg1 b4 36. Kf2 b3 37. f4 Qd3 38. g3 b2 39. h4
Qxe4 40. Kg1 Qe2 41. Kh1 b1=Q# 0-1

[Event "DVM U10 2016"]
[Site "Magdeburg GER"]
[Date "2016.12.29"]
[Round "6"]
[White "Hierl, Andreas"]
[Black "Lentz, Johannes Carl"]
[Result "0-1"]
[Termination "normal"]
[Board "28.3"]
[WhiteElo "600"]
[BlackElo "600"]
[WhiteTeam "SK Neumarkt"]
[BlackTeam "Langenfelder Schachfreunde"]
[PlyCount "88"]
[WhiteFideId "34660496"]
[EventCountry "GER"]
[EventRounds "7"]
[EventType "team-swiss"]
[EventDate "2016.12.27"]

1. e4 c5 2. Nc3 e6 3. Nf3 a6 4. Bc4 Nc6 5. d3 Qc7 6. O-O Nf6 7. Bd2 Be7 8. Qc1
O-O 9. Bf4 d6 10. Qd2 b5 11. Bb3 Bb7 12. Qe3 e5 13. Bg3 Qd7 14. Nd5 Nd4 15. Nb6
Qg4 16. Nxa8 Bxa8 17. c3 Nxf3+ 18. gxf3 Qg6 19. f4 exf4 20. Qxf4 Bc6 21. Kh1
Bd7 22. Rad1 Nh5 23. Qf3 Nxg3+ 24. fxg3 Bg4 25. Qf2 Bxd1 26. Rxd1 Re8 27. Rg1
Rf8 28. h4 Bf6 29. g4 h5 30. Bd1 b4 31. gxh5 Qh6 32. cxb4 Bd4 33. Qg2 Bxg1 34.
Qxg1 Qf4 35. Qe1 Rb8 36. a3 a5 37. Kg1 axb4 38. axb4 Rxb4 39. b3 Rb6 40. Kg2
Ra6 41. Bc2 Ra2 42. Qd1 Qxh4 43. Kf1 Qh2 44. Bb1 Qf2# 0-1

[Event "DVM U10 2016"]
[Site "Magdeburg GER"]
[Date "2016.12.29"]
[Round "6"]
[White "Koenen, Hugo"]
[Black "Thieme, Simon"]
[Result "0-1"]
[Termination "normal"]
[Board "28.4"]
[WhiteElo "600"]
[BlackElo "600"]
[WhiteTeam "Langenfelder Schachfreunde"]
[BlackTeam "SK Neumarkt"]
[PlyCount "23"]
[EventCountry "GER"]
[EventRounds "7"]
[EventType "team-swiss"]
[EventDate "2016.12.27"]

1. e4 e5 2. d4 exd4 3. Qxd4 Nc6 4. Qc3 Bb4 5. Be3 Bxc3+ 6. Nxc3 Nf6 7. Nf3 O-O
8. Bc4 d6 9. Ng5 h6 10. Bxf7+ Rxf7 11. Nxf7 Kxf7 12. f3 {Rest nicht
nachvollziehbar} 0-1

[Event "DVM U10 2016"]
[Site "Magdeburg GER"]
[Date "2016.12.29"]
[Round "6"]
[White "Avram, Luca"]
[Black "Mischke, Richard"]
[Result "1-0"]
[Termination "normal"]
[Board "29.1"]
[WhiteElo "1324"]
[BlackElo "900"]
[WhiteTeam "SV Hemer"]
[BlackTeam "VfL Gräfenhainichen"]
[PlyCount "61"]
[WhiteFideId "16225627"]
[BlackFideId "16255585"]
[EventCountry "GER"]
[EventRounds "7"]
[EventType "team-swiss"]
[EventDate "2016.12.27"]

1. e4 d6 2. d4 Nf6 3. Nc3 Nc6 4. Bd3 g6 5. Be3 Bg7 6. Nf3 e5 7. h3 O-O 8. Qd2
exd4 9. Nxd4 Nxd4 10. Bxd4 Re8 11. O-O-O c5 12. Be3 Be6 13. Be2 d5 14. exd5 Bf5
15. h4 b6 16. h5 a5 17. Rdg1 Be4 18. Nxe4 Nxe4 19. Qd3 Qf6 20. c3 Bh6 21. Bxh6
Nxf2 22. Qc2 Nxh1 23. Rxh1 Qe5 24. Bf3 Qf6 25. d6 Qxd6 26. Bxa8 Rxa8 27. Re1
gxh5 28. Bg5 f6 29. Qe4 Qf8 30. Bxf6 Qxf6 31. Qxa8+ 1-0

[Event "DVM U10 2016"]
[Site "Magdeburg GER"]
[Date "2016.12.29"]
[Round "6"]
[White "Gertz, Amon"]
[Black "Jagodzinsky, Lukas"]
[Result "1-0"]
[Termination "normal"]
[Board "29.2"]
[WhiteElo "762"]
[BlackElo "741"]
[WhiteTeam "VfL Gräfenhainichen"]
[BlackTeam "SV Hemer"]
[PlyCount "87"]
[BlackFideId "16233255"]
[EventCountry "GER"]
[EventRounds "7"]
[EventType "team-swiss"]
[EventDate "2016.12.27"]

1. e4 e5 2. Nf3 Nf6 3. Nc3 Nc6 4. Be2 Bb4 5. d3 d6 6. O-O Bg4 7. Bd2 O-O 8. h3
Bd7 9. Re1 Ne8 10. a3 Bc5 11. Nd5 Bc8 12. Ng5 h6 13. Nf3 Qd7 14. Bc3 Qe6 15. b4
Qg6 16. Ne7+ Nxe7 17. bxc5 Bxh3 18. Nh4 Qg5 19. g3 Qf6 20. cxd6 g5 21. Nf5 Nxf5
22. exf5 Bxf5 23. dxc7 Nxc7 24. Bb4 Rfd8 25. Rb1 Be6 26. Bc3 Qf5 27. Rxb7 Qh3
28. Bf1 Qf5 29. Rxc7 Bd5 30. Rxe5 Qg6 31. d4 Qd6 32. Ba5 f6 33. Ree7 Rd7 34.
Rcxd7 Qc6 35. Rxa7 Rxa7 36. Rxa7 Be6 37. Ra6 Qe4 38. Bg2 Qf5 39. Qh5 Qxc2 40.
Ra7 Qc1+ 41. Bf1 Bc4 42. Qg6+ Kf8 43. Qg7+ Ke8 44. Qe7# 1-0

[Event "DVM U10 2016"]
[Site "Magdeburg GER"]
[Date "2016.12.29"]
[Round "6"]
[White "Graf, Micha"]
[Black "Stockmann, Pit"]
[Result "0-1"]
[Termination "normal"]
[Board "29.3"]
[WhiteElo "600"]
[BlackElo "735"]
[WhiteTeam "SV Hemer"]
[BlackTeam "VfL Gräfenhainichen"]
[PlyCount "52"]
[BlackFideId "16247000"]
[EventCountry "GER"]
[EventRounds "7"]
[EventType "team-swiss"]
[EventDate "2016.12.27"]

1. e4 e5 2. Nf3 Nc6 3. Bc4 Nf6 4. O-O Bb4 5. d3 d6 6. Bg5 Bg4 7. Qc1 O-O 8.
Nbd2 Bxd2 9. Nxd2 Nd4 10. Re1 h6 11. Be3 Be2 12. Rxe2 Nxe2+ 13. Kf1 Nxc1 14.
Rxc1 Ng4 15. Nb3 Nxe3+ 16. Ke1 Nxc4 17. dxc4 c6 18. Na5 d5 19. Nxb7 Qc8 20. Nd6
Qd7 21. c5 dxe4 22. Rd1 Rab8 23. b3 Rbd8 24. Rd2 Rfe8 25. Re2 Re6 26. Nc4 Qd1#
0-1

[Event "DVM U10 2016"]
[Site "Magdeburg GER"]
[Date "2016.12.29"]
[Round "6"]
[White "Kuhlmann, Nils Magnus"]
[Black "Leonard, Amanda"]
[Result "1-0"]
[Termination "normal"]
[Board "29.4"]
[WhiteElo "600"]
[BlackElo "600"]
[WhiteTeam "VfL Gräfenhainichen"]
[BlackTeam "SV Hemer"]
[PlyCount "39"]
[WhiteFideId "16287177"]
[EventCountry "GER"]
[EventRounds "7"]
[EventType "team-swiss"]
[EventDate "2016.12.27"]

1. e4 e5 2. Nf3 Nc6 3. Bc4 Bc5 4. Nxe5 Nxe5 5. d4 Nc6 6. dxc5 Nf6 7. Bd5 O-O 8.
O-O Nxd5 9. exd5 Na5 10. Bd2 b6 11. b4 Nb7 12. c6 dxc6 13. dxc6 Nd6 14. Bf4 Nf5
15. Nc3 Qe8 16. Re1 Be6 17. b5 Qb8 18. Qg4 Re8 19. Rad1 Qc8 20. h3 1-0

[Event "DVM U10 2016"]
[Site "Magdeburg GER"]
[Date "2016.12.29"]
[Round "6"]
[White "Möller, Maurin"]
[Black "Gauer, Liam"]
[Result "1-0"]
[Termination "normal"]
[Board "30.1"]
[WhiteElo "894"]
[BlackElo "785"]
[WhiteTeam "SK Blauer Springer Paderborn"]
[BlackTeam "Hagener SV 2"]
[PlyCount "147"]
[WhiteFideId "16265696"]
[BlackFideId "16235720"]
[EventCountry "GER"]
[EventRounds "7"]
[EventType "team-swiss"]
[EventDate "2016.12.27"]

1. e4 e5 2. Nf3 Nc6 3. Nc3 Bc5 4. Bc4 Nf6 5. O-O d6 6. b3 O-O 7. Bb2 Nd4 8. Nd5
Nxf3+ 9. Qxf3 Nxd5 10. Bxd5 Be6 11. Bxb7 Rb8 12. Ba6 Rb6 13. Qd3 Qg5 14. Qg3
Qxd2 15. Bd3 Re8 16. Bc1 Qc3 17. Bh6 g6 18. Qg5 d5 19. Qf6 Bf8 20. Bxf8 Rxf8
21. exd5 Bxd5 22. Qh4 Rb4 23. Qg3 Re8 24. a3 Rb6 25. Rfe1 Ree6 26. Qg5 Rb8 27.
h3 Kg7 28. Qe3 Rbe8 29. f3 a6 30. Be4 Qxe3+ 31. Rxe3 Bxe4 32. Rxe4 f5 33. Re3
e4 34. fxe4 fxe4 35. Rae1 c6 36. Kf2 Kf6 37. Kg3 Kg5 38. h4+ Kh5 39. Kf4 Rf6+
40. Kg3 Rfe6 41. Kh3 Kh6 42. g4 g5 43. hxg5+ Kxg5 44. Kg3 h5 45. gxh5 Kxh5 46.
Rh1+ Kg5 47. Rh4 Kf6 48. Rf4+ Kg7 49. Rf5 Kg6 50. Kg4 Rg8 51. Rg5+ Kf7 52. Rxg8
Kxg8 53. Kf5 Kf7 54. Rxe4 Rxe4 55. Kxe4 Ke6 56. Kd4 Kd6 57. Kc4 Kc7 58. Kc5 Kb7
59. b4 Kc7 60. a4 Kb7 61. c4 Kc7 62. b5 axb5 63. axb5 cxb5 64. cxb5 Kb7 65. b6
Kc8 66. Kc6 Kb8 67. b7 Ka7 68. Kc7 Ka6 69. b8=Q Ka5 70. Kc6 Ka4 71. Kc5 Ka3 72.
Kc4 Ka2 73. Kc3 Ka1 74. Qb2# 1-0